| 000 | 00798nam a2200217 a 4500 | ||
|---|---|---|---|
| 003 | OSt | ||
| 005 | 20130925163147.0 | ||
| 008 | 130925s2005 ag ||||| |||| 00| 0 spa d | ||
| 040 | _cBiblioteca Medicina | ||
| 041 | _aspa | ||
| 082 | _bMINIST. DE SALUD 0308 | ||
| 110 |
_aMinisterio de Educacion, Ciencia y Tecnologia _92609 |
||
| 245 | 0 | 0 | _aEstadisticas Universitarias Anuario 2000-2004 |
| 250 | _a1ยบ ed. | ||
| 260 |
_aBuenos Aires _bMinisterio de Educacion, Ciencia y Tecnologia; Secretaria de Politicas Universitarias _c2005 |
||
| 300 | _a214 p. | ||
| 653 | _aUNIVERSIDADES-ESTADISTICAS-2000-2004 | ||
| 653 | _aEDUCACION-ESTADISTICAS-2000-2004 | ||
| 942 |
_2ddc _cPH |
||
| 999 |
_c1676 _d1676 |
||
| 952 |
_40 _00 _bBFM _10 _oMINIST. DE SALUD 0308 _d2013-09-25 _tEj. 1 _8NFIC _70 _cCR _2ddc _yPH _aBFM |
||